000 00538nam a2200157 a 4500
008 120416s0000 ||||||||||||||||| || u
020 _a083480140x
050 _aPL 726.115 Ike
100 _aIkeda, Daisaku
245 1 0 _aOn the Japanese classics
246 _aconversations and appreciations
260 _aNew York
_bWeatherhill
_c1979
300 _a202p.
350 _a0.00
995 _D0.00
_FCBU-MAIN LIBRARY (Kitwe)
_H1
_I13.50
_M1
_UAVAILABLE
_ZAnnex Low-Usage Collection
999 _c52589
_d52589